| 000 | 00517nam a2200181Ia 4500 | ||
|---|---|---|---|
| 008 | 100920s9999 xx 000 0 und d | ||
| 082 |
_b104664 _a891.43 न 07 |
||
| 100 | _aकोहली द्रोणवीर. | ||
| 245 | _aचौखट. | ||
| 260 |
_bभावना प्रकाशन,दिल्ली. _c2007 |
||
| 300 |
_a223 _bसाधी |
||
| 365 | _b250 | ||
| 520 | _aहिंदी. | ||
| 630 | _aचौखट. | ||
| 650 | _aहिंदी. | ||
| 730 | _aचौखट. | ||
| 942 | _cBOOK | ||
| 999 |
_c745096 _d745093 |
||